Vinoba and his mission (Record no. 1454537)

MARC details
000 -LEADER
fixed length control field 00581nam a2200217Ia 4500
005 - DATE AND TIME OF LATEST TRANSACTION
control field 20250923145712.0
008 - FIXED-LENGTH DATA ELEMENTS--GENERAL INFORMATION
fixed length control field 008 250917s9999 xx 000 0 eng d
037 ## - SOURCE OF ACQUISITION
Stock number Textual
040 ## - CATALOGING SOURCE
Original cataloging agency DSWL
Language of cataloging eng
Transcribing agency DSWL
041 ## - LANGUAGE CODE
Language code of text/sound track or separate title eng
Source of code eng
084 ## - COLON CLASSIFICATION NUMBER
Classification number XN51, N62
Assigning agency DSWL
100 ## - MAIN ENTRY--PERSONAL NAME
Personal name Suresh, Ram
9 (RLIN) 838108
245 #0 - TITLE STATEMENT
Title Vinoba and his mission
Statement of responsibility, etc. by RamSuresh
250 ## - EDITION STATEMENT
Edition statement 3rd
260 ## - PUBLICATION, DISTRIBUTION, ETC.
Place of publication, distribution, etc. Varanasi
Name of publisher, distributor, etc. Satva Seva Sangh Prak.
Date of publication, distribution, etc. 1962
300 ## - PHYSICAL DESCRIPTION
Extent xvi,516 p.
365 ## - TRADE PRICE
Price type code INR
Price amount 14.40
925 ## -
-- 14.40
942 ## - ADDED ENTRY ELEMENTS (KOHA)
Koha item type Textual
Classification part XN51, N62
Holdings
Withdrawn status Lost status Damaged status Not for loan Home library Current library Date acquired Source of acquisition Inventory number Total Checkouts Full call number Barcode Date last seen Price effective from Koha item type
        Department of Social Work Library Department of Social Work Library 2025-09-23 Gandhi Book House New Delhi 110002 228 16/02/1985   XN51, N62 SW0022211 2025-09-23 2025-09-23 Textual
Copyright @ Delhi University Library System